书目信息 |
| 题名: |
晚耕集
|
|
| 作者: | 李庄 著 | |
| 分册: | ||
| 出版信息: | 北京 人民日报出版社 1997 |
|
| 页数: | 203页, [1] 叶图版 | |
| 开本: | 21cm | |
| 丛书名: | ||
| 单 册: | ||
| 中图分类: | C52 | |
| 科图分类: | ||
| 主题词: | 社会科学--she hui ke xue--文集 | |
| 电子资源: | ||
| ISBN: | 7-80002-932-8 | |
| 000 | 00699nam0 2200217 450 | |
| 001 | 012007195233 | |
| 005 | 20080826151517.75 | |
| 010 | @a7-80002-932-8@dCNY10.80 | |
| 100 | @a20070327d1997 km y0chiy0120 ea | |
| 101 | 0 | @achi |
| 102 | @aCN@b110000 | |
| 105 | @aacf z 000yy | |
| 200 | 1 | @a晚耕集@Awan geng ji@f李庄著@Fli zhuang zhu |
| 210 | @a北京@c人民日报出版社@d1997 | |
| 215 | @a203页, [1] 叶图版@c图, 肖像@d21cm | |
| 330 | @a本书内容包括:继承发扬什么传统、学习和探索、我缺少什么、走出死胡同、向青年编辑建议、编辑理应获得荣誉等。 | |
| 606 | 0 | @a社会科学@Ashe hui ke xue@j文集 |
| 690 | @aC52@v4 | |
| 701 | 0 | @a李庄@Ali zhuang@4著 |
| 801 | 0 | @aCN@bRULIN@c20080826 |
| 905 | @aZUCC@dC52@eL3421 | |
| 晚耕集/李庄著.-北京:人民日报出版社,1997 |
| 203页, [1] 叶图版:图, 肖像;21cm |
| ISBN 7-80002-932-8:CNY10.80 |
| 本书内容包括:继承发扬什么传统、学习和探索、我缺少什么、走出死胡同、向青年编辑建议、编辑理应获得荣誉等。 |
| ● |
| 相关链接 |
|
|
|
正题名:晚耕集
索取号:C52/L3421
 
预约/预借
| 序号 | 登录号 | 条形码 | 馆藏地/架位号 | 状态 | 备注 |
| 1 | 713808 | 207138088 | 社科库509/509社科库 53排9列6层/ [索取号:C52/L3421] | 在馆 |